000 00814nam a2200169 a 4500
008 180926s2014 ||||||||||||||||| || u
050 _aUNCTAD(08)RSS/62
100 _aNicita, Alessandro
245 1 0 _aCooperation in the tariff waters of the World Trade Organization
_cby Alessandro Nicita, Marcelo Olarreaga and Peri Silva
260 _aGeneva
_bUnited Nations Conference on Trade and Development (UNCTAD)
_c2014
300 _avi, 31pages : illustration
650 _aWORLD TRADE ORGANIZATION--TRADE AGREEMENTS
650 _aMARITIME LAW
650 _aTARIFF WATER
650 0 _aFOREIGN TRADE REGULATION
995 _FCBU-MAIN LIBRARY (Kitwe)
_M1
_UAVAILABLE
_WSep 26, 2018
_XUnited Nations Conference on Trade And Development (UNCTAD)
_ZInternational Publications
999 _c38753
_d38753